000 00577nam a2200229Ia 4500
008 210210b2009 xxu||||| |||| 00| 0 eng d
020 _a9780521499170
041 _aeng
082 _a792.09 POSC
100 _aPOSTLEWAIT (Thomas)
245 _aCambridge introduction to theatre historiography
260 _aCambridge
_bCambridge University Press
_c2009
300 _axi,346
650 _ato
650 _atheatre
650 _aintroduction
650 _ahistrography
650 _ahistoriography
650 _aCambridge
690 _aTheatre
906 _a067746
999 _c151230
_d151230